000 00742nac a22002051u 4500
010 _a 88012811
020 _a0070016712
082 0 0 _a629.132306
_bAND
090 _c5943
_d5943
100 _aAnderson, John David.
245 1 0 _aHypersonic and high temperature gas dynamics /
_cJohn D. Anderson, Jr.
260 _aNew York :
_bMcGraw-Hill,c1989.
_cc1989.
300 _axiv, 690 p. :
_bill. ;
_c24 cm.
440 0 _aMcGraw-Hill series in aeronautical and aerospace engineering
500 _aDistributer : Al-Ahram.
504 _aIncludes bibliographical references (p. 677-686) and index.
511 _aCatalogued By : Mahitab.
650 0 _aAerodynamics, Hypersonic.
942 _cBB
_k629.132306AND
999 _c5943
_d5943